| Tag |
First Indicator |
Second Indicator |
Subfields |
| LEADER |
00000cam a22000001a 4500 |
| 001 |
in00003201549 |
| 006 |
m d f |
| 007 |
cr bn mmmapmmp |
| 008 |
090922s1973 dcu o f000 0 eng d |
| 005 |
20260504161336.6 |
| 035 |
|
|
|a cis2007437580
|
| 040 |
|
|
|a UMI
|c UMI
|d UtOrBLW
|
| 043 |
|
|
|a n-us---
|
| 086 |
0 |
|
|a Y 4.B 22/1:Sml/15/973
|
| 099 |
|
|
|a HRG-1973-BCU-0025
|
| 110 |
1 |
|
|a United States.
|b Congress.
|b House.
|b Committee on Banking and Currency.
|b Subcommittee on Small Business.
|
| 245 |
1 |
0 |
|a Increasing the outstanding loan ceiling of the Small Business Administration :
|b hearing, Ninety-third Congress, first session, on H.R. 10503 and S. 2482 ... October 18, 1973.
|
| 264 |
|
1 |
|a Washington :
|b U.S. Govt. Print. Off,
|c 1973.
|
| 300 |
|
|
|a 1 online resource.
|
| 336 |
|
|
|a text
|b txt
|2 rdacontent
|
| 337 |
|
|
|a computer
|b c
|2 rdamedia
|
| 338 |
|
|
|a online resource
|b cr
|2 rdacarrier
|
| 538 |
|
|
|a System requirements: PDF reader software.
|
| 500 |
|
|
|a Electronic resource.
|
| 610 |
1 |
0 |
|a United States.
|b Small Business Administration.
|
| 650 |
|
0 |
|a Government lending
|x Law and legislation
|z United States.
|
| 655 |
|
7 |
|a Electronic books.
|2 local
|
| 710 |
2 |
|
|a ProQuest (Firm)
|
| 776 |
0 |
8 |
|i Print version:
|a United States. Congress. House. Committee on Banking and Currency. Subcommittee on Small Business.
|t Increasing the outstanding loan ceiling of the Small Business Administration
|w (DLC)73603206 //r84
|
| 776 |
0 |
8 |
|i Microfiche version:
|a United States. Congress. House. Committee on Banking and Currency. Subcommittee on Small Business.
|t Increasing the outstanding loan ceiling of the Small Business Administration.
|d [Bethesda, Md.] : ProQuest,[2004]
|o CIS 73 H241-21
|w (ProQuest)cis07300196
|
| 830 |
|
0 |
|a U.S. Congressional Hearings.
|
| 856 |
4 |
0 |
|u http://proxy.library.tamu.edu/login?url=https://congressional.proquest.com/congcomp/getdoc?HEARING-ID=HRG-1973-BCU-0025
|z Connect to the full text of this electronic book
|t 0
|
| 998 |
|
|
|a cis07300196
|
| 999 |
|
|
|a MARS
|
| 999 |
f |
f |
|s 2c2f72b0-4533-3d18-9b7a-47ce9a52d255
|i 1fe9db04-96bf-3400-ac54-42d58ea01814
|t 0
|
| 952 |
f |
f |
|a Texas A&M University
|b College Station
|c Electronic Resources
|s www_evans
|d Available Online
|t 0
|e HRG-1973-BCU-0025
|h Other scheme
|
| 998 |
f |
f |
|a HRG-1973-BCU-0025
|t 0
|l Available Online
|